| 000 | 00935nac a22002531u 4500 | ||
|---|---|---|---|
| 010 | _a 2004104303 | ||
| 020 | _a0324319266 | ||
| 035 | _a(DLC) 2004104303 | ||
| 082 | 0 | 0 |
_a332.02401 _bL9294 |
| 090 |
_c2079 _d2079 |
||
| 100 | _aBoone, Louis E. | ||
| 245 | 1 | 0 |
_aPlanning your financial future / _cLouis E. Boone, David L. Kurtz, Douglas Hearth. |
| 246 | 3 | _aPlanning your financial future, tax update | |
| 250 | _a3rd ed., tax update | ||
| 260 |
_aMason, Ohio : _bThomson/South-Western,2005 _c2005. |
||
| 300 |
_axxi, 517 p. : _bcol. ill. ; _c26 cm. |
||
| 504 | _aIncludes bibliographical references and index. | ||
| 650 | 0 | _aFinance, Personal. | |
| 650 | 0 | _aInvestments. | |
| 700 | 1 | _aKurtz, David L. | |
| 700 | 1 | _aHearth, Douglas. | |
| 942 |
_cBB _k332.02401L9294 |
||
| 999 |
_c2079 _d2079 |
||